| 000 | 00807cam a2200265 a 4500 | ||
|---|---|---|---|
| 008 | |||
| 020 | _a0721610102 | ||
| 049 | _aMAIN | ||
| 090 |
_aRB113 _bPAT |
||
| 245 |
_aPathologic physiology : _bmechnisms of disease / _cedited by William A. Sodeman. |
||
| 260 |
_aPhiladelphia : _bW.B. Saunders, _c1961. |
||
| 300 |
_axii, 1154 p. : _bill. ; _c27 cm. |
||
| 500 | _aIncludes index. | ||
| 500 | _aIncludes bibliographical references. | ||
| 650 | 0 | _aPhysiology, Pathological. | |
| 650 | 2 | _aPathology. | |
| 653 |
_aMan _aDiseases _aPhysiological aspects. |
||
| 700 | 1 | _aSodeman, William A. | |
| 700 | 1 | _aSodeman, Thomas M. | |
| 907 |
_a.b1029112x _b21-03-12 _c14-02-11 |
||
| 003 | |||
| 005 | 20230123125131.0 | ||
| 040 | _cNUST | ||
| 942 |
_cBOOKS _kRB113 _mPAT |
||
| 999 |
_c136306 _d136306 |
||